Les 20 joueurs avec le meilleur ratio de buts par match en bundesliga. - Statistiques

Statistiques générales
  • Ce quiz a été pris 121 fois
  • Le résultat moyen est 10 sur 20
Statistiques - réponses
Ratio Joueurs Nationalité Clubs % Correct
0,93 Erling Haaland Norvége Dortmund
100%
0,81 Robert Lewandowski Pologne DortmundBayern
98%
0,68 Pierre-Emerick Aubameyang Gabon Dortmund
93%
0,49 Arjen Robben Pays-Bas Bayern
80%
0,46 Randal Kolo Muani France Eintracht
79%
0,59 Edin Dzeko Bosnie-Herzégovine Wolfsburg
71%
0,47 Andre Silva Portugal EintrachtLeipzig
53%
0,52 Mario Gomez Allemagne StuttgartBayern Wolfsburg
51%
0,48 Mario Mandzukic Croatie WolfsburgBayern
48%
0,49 Patrik Schik République Tchèque LeipzigLeverkusen
48%
0,52 Javier Hernandez Mexique Leverkusen
46%
0,46 Klaas-Jan Huntelaar Pays-Bas Schalke
45%
0,62 Paco Alcacer Espagne Dortmund
45%
0,63 Luca Toni Italie Bayern
42%
0,50 Wout Weghorst Pays-Bas Wolfsburg
29%
0,60 Roy Makaay Pays-Bas Bayern
14%
0,46 Alexander Frei Suisse Dortmund
10%
0,55 Grafite Brésil Wolfsburg
9%
0,47 Lucas Barrios Paraguay Dortmund
9%
0,57 Papiss Cisse Sénégal Fribourg
2%
Aucun quiz correspondant
Distribution des résultats
% des personnes avec chaque résultat
Percentile par nombre de réponses
Votre historique - résultats
Vous n’avez pas pris ce quiz